Random Regions of Finland on a Map - Statistics

General Stats
  • This quiz has been taken 9 times
  • The average score is 7 of 9
Answers on the Map
Answers color-coded by a green-red scale on the quiz's map according to % correct below.
 
Answer Stats
Answer % Correct
Central Finland
100%
Finland Proper
100%
Kainuu
100%
Lapland
100%
North Karelia
100%
Ostrobothnia
100%
Pirkanmaa
100%
Southern Ostrobothnia
100%
Uusimaa
100%
South Karelia
83%
Southern Savonia
71%
Kymenlaakso
67%
Northern Savonia
67%
Åland Islands
50%
Central Ostrobothnia
50%
Northern Ostrobothnia
50%
Päijänne Tavastia
50%
Satakunta
50%
Tavastia Proper
50%
No matching quizzes found
Score Distribution
Percent of People with Each Score
Percentile by Number Answered
Your Score History
You have not taken this quiz